000 00739nam a2200205Ia 4500
001 23333
003 GE_BSU
008 181216s||||||||xx |||||||||||||| ||und||
040 _cGE_BSU
080 _aპერიოდიკა
245 _aგადასახადები და აღრიცხვა. #19.2018
245 _bსაკონსულტაციო-ანალიტიკური ჟურნალი
245 _cმთ. რედ. კოტე უბირია
260 _aთბილისი
260 _c2018
300 _a54გვ. 29სმ.
653 _aგადასახადები და აღრიცხვა. #19.2018
653 _aეკონომიკა
942 _cCR
999 _c56232
_d56232